000 00427nam a2200181Ia 4500
001 10383
005 20260306161828.0
008 260306t1999||||xx |||||||||||||| ||spa||
041 _aESP
082 _a922.22
_bF11
100 _aFabris, Rinaldo
_eAUT
245 0 _aPablo:
_bel apóstol de las gentes
260 _c1999
300 _a649 páginas :
_c22 cm.
650 _aGEN
654 _aCHU
942 _cLIB
_dJUS
_fJUS
_2ddc
_n
999 _c10383
_d10383